Normale Ansicht MARC-Ansicht ISBD

Einsatzkräfte aus Frankfurt helfen im Katstrophengebiet. (Titelsatznr. 370735)

[ MARC ]
MARC-Details
000 -Satzkennung
Kontrollfeld mit fester Länge 00790nam a22001937a 4500
008 - Feld mit fester Länge zur physischen Beschreibung - Allgemeine Angaben
Kontrollfeld mit fester Länge 201130b ||||| |||| 00| 0 eng d
040 ## - Katalogisierungsquelle
Katalogisierungssprache ger
Übertragungsstelle DE-2950
Beschreibungsfestlegungen rda
Original-Katalogisierungsstelle DE-2950
041 ## - Sprachcode
Sprachcode des Textes/der Tonspur oder des separaten Titels ger
100 ## - Person oder Familie als 1. geistiger Schöpfer
Personenname Gutke, Thomas:
245 ## - Titel
Haupttitel Einsatzkräfte aus Frankfurt helfen im Katstrophengebiet.
Titelzusatz Hochwasser: sechs Feuerwehrleute aus der Oderstadt unterstützten in den vergangenen Tagen die Aufräumarbeiten in Ahrbrück und Kreuzberg (Rheinland-Pfalz)
Verantwortlichkeitsangabe Thomas Gutke
264 ## - Veröffentlichungsangabe, Vertriebsangabe, Herstellungsangabe
Erscheinungs-, Vertriebs-, Herstellungsdatum 2021
653 ## - Lokales Schlagwort
Nicht-normierter Term Frankfurt (Oder)
653 ## - Lokales Schlagwort
Nicht-normierter Term Feuerwehr
773 ## - Übergeordnete Einheit
Ort, Verlag und Erscheinungsjahr Frankfurt (Oder): Märkisches Verlags- und Druckhaus GmbH & Co KG
Verknüpfungsangaben 32. Jahrgang (2021) Nr. 189 vom 16.08.2021, S. 13: Foto
Titel Märkische Oderzeitung
942 ## - Zusätzliche Felder (Koha)
Koha-Medientyp Aufsätze
Exemplare
Ausgeschieden Verloren Beschädigt Nicht entleihbar Permanenter Standort Aktueller Standort Aufstellungsort Eingabedatum Anzahl Ausleihen Signatur Letzte Aktivität Preis gültig von Medientyp
        Stadtarchiv Frankfurt (Oder) | Archivbibliothek Stadtarchiv Frankfurt (Oder) | Archivbibliothek Magazin 07/09/2021   Z2 07/09/2021 07/09/2021 Aufsätze